000 00690nam a2200205 i 4500
001 25484
003 ES-MaACL
005 20250827022412.0
007 t|
008 021226s1969 sp ||||1| spa d
100 1 _aArce Monzón, Luis.
_922462
245 1 3 _aLa contratación en las corporaciones locales /
_cpor Luis Arce Monzón.
260 _aMadrid :
_bInstituto de Estudios de Administración Local,
_c[1969]
300 _a254 p. ;
_c21 cm.
490 1 _aSerie manuales prácticos
710 2 _aInstituto de Estudios de Administración Local (España)
_94893
830 0 _aSerie manuales prácticos
_9185749
852 _aES-MaACL
_jC-36627
_bR.69261
999 _c25484
_d25484